LEADER 01121nam a2200253 i 4500 001 000000251866 003 CaOOAMICUS 005 20161205000000.0 008 161205s1969 xx u000 u fre u 013 $a230771 040 $aSeMil$bita 100 1 $aBonhoeffer, Dietrich,$d<1906-1945>.$0(OLS)http://semarc/name/690 245 10$aÉthique /$cDietrich Bonhoeffer ; rassemblé et edité par Eberhard Bethge ; traduction française de Lore Jeanneret. 250 $aDeuxième édition avec index des références bibliques, notions et noms propres. 260 $aGenève :$bLabor et Fides,$c1969. 300 $a336 p. ;$c21 cm. 650 4$aTeologia morale.$0(OLS)http://semarc/subject/91 700 1 $aJeanneret, Lore.$0(OLS)http://semarc/name/32280 700 1 $aBethge, Eberhard,$d<1909-2000>.$0(OLS)http://semarc/name/691 850 $aSeMil 852 $aSeMil$W1$xVenegono$y1$m2M II 19$j256455$B202212$CSeMilBibl$Z2$F214884 $81 961 $aOmaggio: Gallivanone don Franco 996 $6245$aÉthique$9(OLS)http://semarc/title/101046 996 $6260$aGenève :$bLabor et Fides$9(OLS)http://semarc/publisher/31164 LEADER 01502nam a2200325 i 4500 001 000000114460 003 CaOOAMICUS 005 20030416000000.0 008 030416s2000 sp u000 u spa u 013 $a87146 020 $a85-7200-776-1 040 $aSeMil$bita 100 1 $aTerra, Joao Evangelista Martins.$0(OLS)http://semarc/name/47852 245 10$aCatequese de índios e negros no Brasil colonial /$cJoao Evangelista Martins Terra. 260 $aAparecida (SP) :$bEditora Santuário,$c2000. 300 $a239 p. ;$c21 cm. 500 $aFondo Card. C.M. Martini. 650 4$aCatechesi.$0(OLS)http://semarc/subject/3693 650 4$aBrasile - Storia - Periodo coloniale.$0(OLS)http://semarc/subject/20838 650 4$aBrasile - Evangelizzazione.$0(OLS)http://semarc/subject/20839 650 4$aChiesa cattolica - Brasile - Storia.$0(OLS)http://semarc/subject/20840 650 4$aIndios dell'America del Sud - Brasile - Religione.$0(OLS)http://semarc/subject/20841 650 4$aAfroamericani - Brasile - Religione.$0(OLS)http://semarc/subject/20842 850 $aSeMil 852 $aSeMil$W1$xVenegono$y1$m2C I 95$j70028$B70028$CSeMilBibl$Z2$F84728 $81 941 1 $a4 961 $aOmaggio: Martini Card. Carlo Maria 996 $6020$a85-7200-776-1$9(OLS)http://semarc/number/97791 996 $6245$aCatequese de índios e negros no Brasil colonial$9(OLS)http://semarc/title/167312 996 $6260$aAparecida (SP) :$bEditora Santuário$9(OLS)http://semarc/publisher/45188